[Event "33rd Leon Blitz Open 2020"]
[Site "chess.com INT"]
[Date "2020.07.14"]
[Round "7"]
[White "Aravindh, Chithambaram VR."]
[Black "Antipov, Mikhail Al."]
[Result "0-1"]
[WhiteTitle "GM"]
[BlackTitle "GM"]
[WhiteElo "2641"]
[BlackElo "2584"]
[WhiteFideId "5072786"]
[BlackFideId "4107012"]
[EventDate "2020.07.14"]
[EventType "blitz"]

1. g3 d5 2. Nf3 g6 3. Bg2 Bg7 4. d4 Nf6 5. O-O O-O 6. c4 c6 7. b3 Ne4 8. Bb2 Bf5
9. Nh4 Be6 10. Qc2 f5 11. Nf3 Nd7 12. Nbd2 h6 13. Rfd1 Rc8 14. Rac1 Bf7 15. e3
e6 16. Ne1 g5 17. Nd3 Bh5 18. Re1 Qe7 19. f3 Nxd2 20. Qxd2 Qf7 21. Ba3 Rfe8 22.
Bd6 Rcd8 23. Bc7 Rc8 24. Bd6 Rcd8 25. f4 Kh8 26. Ne5 Nxe5 27. dxe5 Bf8 28. Qd4
a6 29. cxd5 cxd5 30. Bxd5 Rxd6 31. exd6+ Bg7 32. Qb6 exd5 33. Rc7 Qe6 34. Qxb7
Bf6 35. d7 Rd8 36. Rc8 Kg7 37. Rxd8 Bxd8 38. Qc8 Qb6 39. Qc3+ Bf6 40. Qc8 d4 41.
b4 dxe3 42. Qc5 Qd8 43. Qxf5 Bg6 44. Qd5 Qb6 45. f5 Bf7 46. Qe4 e2+ 47. Kg2 Qd6
48. Qxe2 Qxd7 49. Rf1 Bd5+ 50. Kh3 Bf7 51. Qxa6 Qd2 52. Qb7 h5 53. g4 hxg4+ 54.
Kxg4 Qxh2 55. Kf3 Qf4+ 56. Ke2 Qc4+ 57. Kf2 Qxa2+ 58. Kg3 Qc4 59. Rf3 Qh4+ 60.
Kg2 Qd4 61. Rh3 Qb2+ 62. Kf3 Qb3+ 63. Kg2 Qa2+ 64. Kf3 Qc4 65. Kg2 Qc2+ 66. Kf3
Qxf5+ 67. Kg2 Kg6 68. Rh6+ Kxh6 69. Qxf7 Qe4+ 70. Kf1 Qf3+ 71. Kg1 Bd4+ 0-1

[Event "33rd Leon Blitz Open 2020"]
[Site "chess.com INT"]
[Date "2020.07.14"]
[Round "7"]
[White "Gabdrakhmanov, Azat"]
[Black "Sliwicki, Damian"]
[Result "1/2-1/2"]
[WhiteTitle "FM"]
[BlackTitle "CM"]
[WhiteElo "2328"]
[BlackElo "2180"]
[WhiteFideId "34189197"]
[BlackFideId "1127128"]
[EventDate "2020.07.14"]
[EventType "blitz"]

1. e4 c5 2. Nf3 g6 3. d4 cxd4 4. Nxd4 Nc6 5. c4 Nf6 6. Nc3 Nxd4 7. Qxd4 d6 8.
Be3 Bg7 9. Be2 O-O 10. Qd2 a5 11. O-O a4 12. Rac1 Qa5 13. f4 Be6 14. f5 Bd7 15.
Kh1 Bc6 16. Bd3 Ng4 17. Bg5 Rfe8 18. Be2 Ne5 19. Bh6 Bh8 20. Qf4 a3 21. b3 Bf6
22. Nd5 Bxd5 23. exd5 Rac8 24. fxg6 hxg6 25. Bg5 Bxg5 26. Qxg5 Kg7 27. Rce1 Qc3
28. Bg4 Rb8 29. Re3 Qd2 30. Be6 fxe6 31. Rxe5 Qxg5 32. Rxg5 Rf8 33. Re1 Rf2 34.
Kg1 Rbf8 35. h4 Rxa2 36. Rxe6 Ra1+ 37. Kh2 a2 38. Rgxg6+ Kf7 39. Rh6 Rh1+ 40.
Kxh1 a1=Q+ 41. Kh2 Rg8 42. Rh7+ Rg7 43. Rxg7+ Qxg7 44. Re3 Qg4 45. Rf3+ Ke8 46.
Rh3 Qf4+ 47. Kg1 Qc1+ 48. Kh2 Qf4+ 49. Kh1 Qf1+ 50. Kh2 b5 51. h5 bxc4 52. bxc4
Qf4+ 53. Kh1 Qxc4 54. h6 Qc1+ 55. Kh2 Qf4+ 56. Kh1 Qf1+ 57. Kh2 Qf4+ 58. Kh1 Qf6
59. h7 Qh8 60. Kg1 e5 61. dxe6 Ke7 62. Rh6 Qd4+ 63. Kh1 Qh8 64. Rh5 Kxe6 65. Kh2
d5 66. g4 d4 67. Rh6+ Kf7 68. Kg2 d3 69. Rd6 Qxh7 70. Rd7+ Kg6 71. Rxh7 Kxh7 72.
Kf3 Kg6 73. Ke3 Kg5 74. Kxd3 Kxg4 1/2-1/2

[Event "33rd Leon Blitz Open 2020"]
[Site "chess.com INT"]
[Date "2020.07.14"]
[Round "7"]
[White "Palchuk, Andrii"]
[Black "Ajay, Karthikeyan"]
[Result "1-0"]
[WhiteTitle "FM"]
[BlackTitle "FM"]
[WhiteElo "2183"]
[BlackElo "2315"]
[WhiteFideId "14176688"]
[BlackFideId "35011685"]
[EventDate "2020.07.14"]
[EventType "blitz"]

1. e4 c5 2. Nf3 Nc6 3. Bb5 g6 4. Bxc6 dxc6 5. d3 Bg7 6. h3 e5 7. Be3 b6 8. Nc3
Ne7 9. Qd2 h6 10. O-O-O Qd6 11. Kb1 Be6 12. Nh2 O-O-O 13. f4 exf4 14. Bxf4 Qd7
15. Nf3 Kb7 16. Be5 f6 17. Bg3 g5 18. Rde1 Ng6 19. Rhf1 Rhe8 20. Rf2 f5 21. exf5
Bxf5 22. Rfe2 Rxe2 23. Rxe2 c4 24. dxc4 Qxd2 25. Nxd2 Rd7 26. a3 Bxc3 27. bxc3
c5 28. Rf2 Ne7 29. Nf3 Nc6 30. Nxg5 Bxc2+ 31. Kxc2 hxg5 32. Rf5 Re7 33. Kd3 Rd7+
34. Rd5 Rg7 35. Bf2 g4 36. h4 g3 37. Be3 Rg4 38. h5 Na5 39. h6 Rh4 40. Rd7+ Kc6
41. Rxa7 Nxc4 42. h7 Ne5+ 43. Ke2 Nd7 44. Bf4 Rxh7 45. c4 b5 46. cxb5+ Kxb5 47.
Bxg3 Rg7 48. Kf2 Rf7+ 49. Kg1 c4 50. Be1 Kb6 51. Ra4 Ne5 52. Bc3 Nc6 53. Rxc4
Kb5 54. Re4 Ra7 55. Bb4 Ra4 56. g4 Ra8 57. Kf2 Rg8 58. Kg3 Kb6 59. Bc3 Kc5 60.
a4 Kd5 61. Rf4 Nd8 62. a5 Ne6 63. Rf5+ Ke4 64. Re5+ Kd3 65. Rxe6 Kxc3 66. a6 Kc4
67. a7 Kb5 68. Re7 Kb6 69. Kf4 Ra8 70. Kf5 Rf8+ 71. Ke6 Rg8 72. g5 Kc6 73. Kf7
Ra8 74. g6 Kd6 75. g7 Rxa7 76. Rxa7 1-0

[Event "33rd Leon Blitz Open 2020"]
[Site "chess.com INT"]
[Date "2020.07.14"]
[Round "7"]
[White "Leiva, Giuseppe"]
[Black "Primbetov, Kazbek"]
[Result "0-1"]
[WhiteTitle "IM"]
[BlackTitle "FM"]
[WhiteElo "2391"]
[BlackElo "2207"]
[WhiteFideId "3804399"]
[BlackFideId "13702297"]
[EventDate "2020.07.14"]
[EventType "blitz"]

1. d4 Nf6 2. c4 g6 3. g3 Bg7 4. Bg2 O-O 5. Nc3 c5 6. d5 e6 7. Nf3 exd5 8. cxd5
d6 9. O-O Re8 10. Bf4 a6 11. a4 h6 12. Qc1 Kh7 13. Nd2 g5 14. Qc2+ Kg8 15. Be3
Ng4 16. Nc4 Nxe3 17. Nxe3 Qf6 18. Nc4 Nd7 19. Ne4 Qg6 20. Ncxd6 Rd8 21. Rac1 f5
22. Nxc8 Raxc8 23. Nc3 h5 24. d6 Ne5 25. Bxb7 Rb8 26. Bd5+ Kh7 27. Ne4 Rxb2 28.
Qxb2 Nf3+ 29. exf3 Bxb2 30. Rc2 Bd4 31. Rb1 Kh8 32. Nxc5 Rxd6 33. Rb8+ Kh7 34.
Rb7+ Bg7 35. Bf7 Qf6 36. Bxh5 Rd1+ 37. Kg2 g4 38. Rc7 Qg5 39. fxg4 fxg4 40.
Rxg7+ Qxg7 41. Bxg4 Qxg4 42. f3 Qd4 43. Ne4 Qg1+ 44. Kh3 Qf1+ 45. Kg4 Rd3 46.
Ng5+ Kg8 47. Rc4 Rd8 48. Rc6 Qd3 49. h4 Qd7+ 50. Re6 Re8 51. Kf5 Rxe6 52. Nxe6
Qd5+ 53. Kf6 Qxf3+ 54. Ke7 Qxg3 55. Nc5 Qxh4+ 56. Kd6 Qb4 57. Kc6 a5 58. Kd5 Kf7
59. Kc6 Ke7 60. Kd5 Kd8 61. Kc6 Kc8 62. Kd5 Qb6 63. Kc4 Kc7 64. Kd5 Qd6+ 65. Kc4
Qb6 66. Kd5 Qb1 67. Kc4 Kb6 68. Nb3 Qe4+ 69. Kc3 Qxa4 70. Nd4 Qb4+ 71. Kd3 a4
72. Nf5 a3 73. Ne3 a2 74. Nd5+ Ka5 75. Nxb4 Kxb4 76. Kc2 a1=Q 77. Kd3 Qc3+ 0-1

[Event "33rd Leon Blitz Open 2020"]
[Site "chess.com INT"]
[Date "2020.07.14"]
[Round "7"]
[White "Visakh, N R"]
[Black "Nguyen, Thanh Thuy Tien"]
[Result "1-0"]
[WhiteTitle "GM"]
[BlackTitle "WIM"]
[WhiteElo "2516"]
[BlackElo "1971"]
[WhiteFideId "25012223"]
[BlackFideId "12400998"]
[EventDate "2020.07.14"]
[EventType "blitz"]

1. e4 c5 2. Nf3 d6 3. Bb5+ Bd7 4. Bxd7+ Qxd7 5. O-O Nf6 6. Re1 Nc6 7. c4 e5 8.
Nc3 g6 9. Rb1 Bg7 10. a3 a5 11. Nd5 O-O 12. Nb6 Qe7 13. Nxa8 Rxa8 14. d3 a4 15.
b4 Nd7 16. bxc5 Nxc5 17. Be3 Nb3 18. Nd2 Nca5 19. Nxb3 Nxb3 20. Rxb3 axb3 21.
Qxb3 h5 22. Rb1 Kh7 23. h3 Bh6 24. Bxh6 Kxh6 25. a4 Ra7 26. Qb5 h4 27. a5 Qc7
28. Qb6 Qxb6 29. Rxb6 Rxa5 30. Rxd6 Ra1+ 31. Kh2 Ra2 32. f3 Rb2 33. Rd5 f6 34.
Rd6 Kg5 35. Rd5 Kf4 36. Rd6 Ke3 37. Rxf6 Kxd3 38. c5 Rc2 39. Rxg6 Rxc5 40. Rb6
Rc7 41. Rb5 Kd4 42. Kg1 Rc1+ 43. Kh2 Rc7 44. Rb1 Rg7 45. Kg1 Kc4 46. Kf2 b5 47.
f4 Rf7 48. f5 b4 49. g4 hxg3+ 50. Kxg3 b3 51. Kg4 Kc3 52. Kg5 Kc2 53. Rh1 b2 54.
f6 Rd7 55. Kf5 Rd1 56. Rxd1 Kxd1 57. f7 b1=Q 58. f8=Q Qb3 59. Qd8+ Kc2 60. Qh4
Qb8 61. Qf2+ Kd3 62. Qg3+ Kd4 63. Qg1+ Kd3 64. Qd1+ Ke3 65. Qc1+ Kd3 66. Qa3+
Kd4 67. Qa4+ Ke3 68. Qa3+ Ke2 69. h4 Qc8+ 70. Kxe5 Qh8+ 71. Kd5 Qxh4 72. e5 Qd8+
73. Qd6 Qa8+ 74. Qc6 Qd8+ 75. Ke6 Qg8+ 76. Kd6 Qf8+ 77. Kd5 Qf3+ 78. Kc5 Qa3+
79. Kb6 Qe3+ 80. Qc5 Qh6+ 81. Kc7 Qe6 82. Qd6 Qc4+ 83. Kd8 Qg8+ 84. Kd7 1-0

[Event "33rd Leon Blitz Open 2020"]
[Site "chess.com INT"]
[Date "2020.07.14"]
[Round "7"]
[White "Bartel, Mateusz"]
[Black "Jones, Gawain C B"]
[Result "1/2-1/2"]
[WhiteTitle "GM"]
[BlackTitle "GM"]
[WhiteElo "2648"]
[BlackElo "2670"]
[WhiteFideId "1112635"]
[BlackFideId "409561"]
[EventDate "2020.07.14"]
[EventType "blitz"]

1. d4 Nf6 2. Bg5 d5 3. e3 c5 4. Bxf6 gxf6 5. dxc5 Nc6 6. c3 e5 7. Nd2 Bxc5 8.
Ngf3 Be6 9. g3 Qd7 10. Bg2 O-O-O 11. O-O Bh3 12. Nh4 Bg4 13. Qa4 Kb8 14. Nb3 Bb6
15. Bxd5 Be2 16. Rfe1 Bd3 17. Be4 Qe6 18. Rad1 Bxe4 19. Qxe4 Ne7 20. Rxd8+ Rxd8
21. Qxh7 f5 22. Qh5 Qf6 23. Rd1 Rg8 24. Ng2 f4 25. Qf3 Ng6 26. Rd7 Qc6 27. Qxc6
bxc6 28. exf4 exf4 29. Rxf7 fxg3 30. hxg3 Ne5 31. Rf5 Nd3 32. Nd4 Nxb2 33. Nxc6+
Kb7 34. Nb4 Rxg3 35. Rf7+ Kc8 36. Nd5 Rd3 37. Ngf4 Rd2 38. Ne7+ Kd7 39. Nfd5 Bc5
40. Rh7 Nd3 41. Nf5+ Ke6 42. Nfe3 Nxf2 43. Kf1 Ne4 44. Rh6+ Ke5 45. Rh5+ Ke6 46.
Nf4+ Kf7 47. Rf5+ Kg8 48. Re5 Bxe3 49. Rxe4 Bb6 50. a4 Rf2+ 51. Ke1 Rc2 52. Nd5
Bc5 53. Kd1 Ra2 54. Rc4 Bf8 55. Kc1 a5 56. Kb1 Rd2 57. Nc7 Kf7 58. Nb5 Ke6 59.
Re4+ Kf5 60. Re8 Bc5 61. Ra8 Ke4 62. Re8+ Kf3 63. Re5 Bb6 64. Na3 Rh2 65. Nc4
Bc7 66. Rc5 Bd8 67. Nxa5 Ke4 68. Nb3 Be7 69. Rc7 Bd6 70. Rc8 Be5 71. a5 Rh6 72.
a6 Rb6 73. Kc2 Bb8 74. c4 Ba7 75. Nc5+ Kd4 76. Rc7 Bb8 77. Rc8 Ba7 78. Nb3+ Ke5
79. Ra8 Rxa6 80. Kd3 Ra3 81. Kc2 Kd6 82. Rd8+ Kc7 83. Rd5 Ra2+ 84. Kb1 Rh2 85.
Nd2 Kc6 86. Nb3 Bb6 87. Nd2 Bc5 88. Nb3 Bb6 89. Nd2 Bc5 90. Kc2 Bb4 91. Kd1 Bxd2
92. Rxd2 Rh4 93. Kc2 Rxc4+ 94. Kb3 Rc5 95. Rc2 Rxc2 96. Kxc2 1/2-1/2

[Event "33rd Leon Blitz Open 2020"]
[Site "chess.com INT"]
[Date "2020.07.14"]
[Round "7"]
[White "Altman, Joshua"]
[Black "Pranav, Anand"]
[Result "1/2-1/2"]
[WhiteTitle "CM"]
[BlackTitle "FM"]
[WhiteElo "1926"]
[BlackElo "2381"]
[WhiteFideId "426210"]
[BlackFideId "46626786"]
[EventDate "2020.07.14"]
[EventType "blitz"]

1. d4 Nf6 2. c4 g6 3. Nc3 Bg7 4. Nf3 d6 5. Bg5 O-O 6. e3 Qe8 7. Be2 c6 8. Qc2
Nbd7 9. O-O e5 10. Rfd1 h6 11. Bh4 Nh7 12. dxe5 dxe5 13. e4 Nc5 14. Rd8 Qxd8 15.
Bxd8 Rxd8 16. h3 Ne6 17. Rd1 Nd4 18. Nxd4 exd4 19. Nb1 c5 20. Bd3 b6 21. Nd2 Bb7
22. a3 Nf8 23. b4 Ne6 24. Nb3 Rab8 25. bxc5 bxc5 26. Rb1 Ba8 27. g3 g5 28. Nd2
Bc6 29. Rb2 Be5 30. Qb1 Rxb2 31. Qxb2 Rb8 32. Qc2 Bc7 33. Nf3 Kg7 34. Qe2 Nf8
35. e5 Re8 36. Be4 Bd7 37. Bd5 Bxh3 38. Qb2 Bb6 39. Qb5 Bd7 40. Qb3 Ng6 41. a4
Nxe5 42. Nxe5 Rxe5 43. a5 Bxa5 44. Qb7 Be6 45. Bxe6 Rxe6 46. Qxa7 Bb4 47. Qd7
Rf6 48. Qd5 Re6 49. f4 gxf4 50. gxf4 Rf6 51. f5 h5 52. Kg2 Rh6 53. Kh3 h4 54.
Qe5+ Kh7 55. f6 d3 56. Qf5+ Kg8 57. Qxd3 Rxf6 58. Qd8+ Kg7 59. Kxh4 Bc3 60. Qd5
Bd4 61. Kg3 Rg6+ 62. Kf3 Re6 63. Qg5+ Kf8 64. Qd8+ Re8 65. Qd6+ Kg7 66. Qg3+ Kf6
67. Qf4+ Ke7 68. Qc7+ Ke6 69. Qc6+ Ke7 70. Qc7+ Kf8 71. Qd6+ Kg8 72. Qg3+ Bg7
73. Qd6 Bf8 74. Qg3+ Kh7 75. Qh4+ Bh6 76. Qf6 Rf8 77. Qe7 Kg8 78. Qxc5 Bg7 79.
Qd5 Bf6 80. c5 Bd8 81. c6 Re8 82. Qd7 Kf8 83. c7 Bxc7 84. Qxc7 Re6 85. Qd8+ Kg7
86. Qg5+ Rg6 87. Qe7 Rf6+ 88. Kg4 Re6 89. Qd7 Kf6 90. Kf4 Kg7 91. Kg5 Kf8 92.
Qd8+ Kg7 93. Qd4+ Kg8 94. Qd7 Rg6+ 95. Kf5 Kf8 96. Qd8+ Kg7 97. Qe7 Re6 98. Qd7
Rf6+ 99. Kg5 Re6 100. Kf5 Kf8 101. Qxe6 fxe6+ 102. Kxe6 1/2-1/2

[Event "33rd Leon Blitz Open 2020"]
[Site "chess.com INT"]
[Date "2020.07.14"]
[Round "7"]
[White "Ogloblin, Nikolay"]
[Black "Kazakouski, Valery"]
[Result "1-0"]
[WhiteTitle "IM"]
[BlackTitle "IM"]
[WhiteElo "2346"]
[BlackElo "2473"]
[WhiteFideId "4139658"]
[BlackFideId "13507443"]
[EventDate "2020.07.14"]
[EventType "blitz"]

1. d4 Nf6 2. Nf3 e6 3. c4 d5 4. Bg5 Bb4+ 5. Nc3 h6 6. Bxf6 Qxf6 7. e3 O-O 8. Qc2
c5 9. a3 Ba5 10. dxc5 dxc4 11. Bxc4 Bxc3+ 12. Qxc3 Qxc3+ 13. bxc3 Nd7 14. c6
bxc6 15. O-O Nb6 16. Be2 Rd8 17. Ne5 Bb7 18. Bf3 Rac8 19. Rfd1 Rxd1+ 20. Rxd1 f6
21. Nd7 e5 22. Nc5 Ba8 23. Bg4 Rb8 24. h4 Kf7 25. h5 Ke7 26. Be6 Nd5 27. c4 Nb6
28. a4 a5 29. Bf5 Rd8 30. Rc1 Rd2 31. g4 Rd8 32. Kg2 Rb8 33. Kg3 Rd8 34. f4
exf4+ 35. exf4 Kf7 36. Bg6+ Kg8 37. Kf3 Nd7 38. Ne6 c5+ 39. Kg3 Rb8 40. Rd1 Bc6
41. Rd6 Rc8 42. Bf5 Bxa4 43. Ra6 Bc6 44. Rxa5 Ra8 45. Rxa8+ Bxa8 46. Nd8 Nb6 47.
Bd3 Kf8 48. Ne6+ Kf7 49. Nxc5 Ke7 50. Nb3 Na4 51. Kf2 Kd6 52. Ke3 Bc6 53. Be2
Nc5 54. Nd4 Bd7 55. Bf3 Na4 56. Kd3 Kc5 57. Nb3+ Kb4 58. Nd2 Nc5+ 59. Kd4 Be6
60. Be2 Bf7 61. Ne4 Nb3+ 62. Ke3 Nc5 63. Nd6 Be6 64. f5 Bd7 65. Kd4 Bc6 66. Nf7
Nb3+ 67. Ke3 Kc5 68. Nd8 Bd7 69. Kd3 Na5 70. Kc3 Nc6 71. Nb7+ Kb6 72. Nd6 Kc5
73. Ne4+ Kb6 74. c5+ Kc7 75. Bb5 Bc8 76. Nd6 Ne5 77. Be2 Bd7 78. Kd4 Nc6+ 79.
Kd5 Ne7+ 80. Kc4 Nc6 81. Bd1 Ne5+ 82. Kd5 Kd8 83. Be2 Bc6+ 84. Ke6 Bd7+ 85. Kd5
Ke7 86. Bb5 Nxg4 87. Bxd7 Kxd7 88. c6+ Kd8 89. Nb7+ Kc7 90. Nd6 Kd8 91. Kc5 Ne3
92. Kb6 Nd5+ 93. Kb7 Ke7 94. Ne4 Kd8 95. Nc5 1-0

[Event "33rd Leon Blitz Open 2020"]
[Site "chess.com INT"]
[Date "2020.07.14"]
[Round "8"]
[White "Manukian, Artak"]
[Black "Flores Quillas, Diego Saul Rodri"]
[Result "0-1"]
[BlackTitle "FM"]
[WhiteElo "2196"]
[BlackElo "2245"]
[WhiteFideId "13301373"]
[BlackFideId "3822508"]
[EventDate "2020.07.14"]
[EventType "blitz"]

1. e4 c5 2. Nf3 e6 3. c3 Nf6 4. e5 Nd5 5. d4 cxd4 6. cxd4 d6 7. Nc3 Nxc3 8. bxc3
Qc7 9. Bd2 Nd7 10. Bb5 a6 11. Bxd7+ Bxd7 12. O-O Bc6 13. Re1 Be7 14. exd6 Qxd6
15. Ne5 O-O 16. Qh5 Qd5 17. f3 f6 18. Nxc6 Qxh5 19. Nxe7+ Kf7 0-1

[Event "33rd Leon Blitz Open 2020"]
[Site "chess.com INT"]
[Date "2020.07.14"]
[Round "8"]
[White "Chigaev, Maksim"]
[Black "Erigaisi, Arjun"]
[Result "1/2-1/2"]
[WhiteTitle "GM"]
[BlackTitle "GM"]
[WhiteElo "2588"]
[BlackElo "2559"]
[WhiteFideId "4108116"]
[BlackFideId "35009192"]
[EventDate "2020.07.14"]
[EventType "blitz"]

1. e4 e5 2. Nf3 Nc6 3. Bc4 Bc5 4. d3 Nf6 5. Nbd2 O-O 6. h3 d6 7. c3 a6 8. Bb3
Be6 9. Nf1 d5 10. exd5 Bxd5 11. Ng3 1/2-1/2

[Event "33rd Leon Blitz Open 2020"]
[Site "chess.com INT"]
[Date "2020.07.14"]
[Round "8"]
[White "Valdes Escobar, Alvaro"]
[Black "Zvereva, Margarita"]
[Result "1-0"]
[WhiteTitle "IM"]
[BlackTitle "WFM"]
[WhiteElo "2355"]
[BlackElo "1929"]
[WhiteFideId "3405451"]
[BlackFideId "34177741"]
[EventDate "2020.07.14"]
[EventType "blitz"]

1. c4 e6 2. Nc3 Nf6 3. e4 d6 4. d4 Nbd7 5. Nf3 c5 6. Be2 cxd4 7. Nxd4 a6 8. Be3
Be7 9. O-O O-O 10. Qd2 b6 11. Nc6 Qe8 12. Rfd1 Bb7 13. Nxe7+ Qxe7 14. Qxd6 Qxd6
15. Rxd6 Rac8 16. Rad1 Ne5 17. f3 Nxc4 18. Bxc4 Rxc4 19. Rxb6 Rb8 20. Bf4 1-0

[Event "33rd Leon Blitz Open 2020"]
[Site "chess.com INT"]
[Date "2020.07.14"]
[Round "8"]
[White "Riehle, Marco"]
[Black "Olsen, Filip Boe"]
[Result "1-0"]
[WhiteTitle "FM"]
[BlackTitle "IM"]
[WhiteElo "2347"]
[BlackElo "2353"]
[WhiteFideId "12904392"]
[BlackFideId "1440640"]
[EventDate "2020.07.14"]
[EventType "blitz"]

1. e4 c6 2. c4 d5 3. cxd5 cxd5 4. exd5 Nf6 5. Nc3 Nxd5 6. Nf3 Nc6 7. Bb5 e6 8.
O-O Be7 9. d4 O-O 10. Re1 Bd7 11. Bd3 Rc8 12. Nxd5 exd5 13. Ne5 Nxe5 14. Rxe5
Be6 15. Qh5 g6 16. Qh6 Bf6 17. Rh5 Re8 18. Qxh7+ Kf8 19. Re5 Qb6 20. Bxg6 Qxd4
21. Bh6+ Ke7 22. Qxf7+ Kd6 23. Qxf6 1-0

[Event "33rd Leon Blitz Open 2020"]
[Site "chess.com INT"]
[Date "2020.07.14"]
[Round "8"]
[White "Schut, Han"]
[Black "Nguyen, Hong Nhung"]
[Result "1-0"]
[BlackTitle "WCM"]
[WhiteElo "2101"]
[BlackElo "1697"]
[WhiteFideId "1005561"]
[BlackFideId "12412201"]
[EventDate "2020.07.14"]
[EventType "blitz"]

1. e4 c5 2. Nf3 e6 3. c4 Nc6 4. Nc3 d6 5. d4 cxd4 6. Nxd4 a6 7. Be3 Nf6 8. f3
Be7 9. Qd2 O-O 10. Be2 Qc7 11. Rc1 Nd7 12. O-O Nxd4 13. Bxd4 b6 14. Rfd1 Bb7 15.
Bf1 Rac8 16. Qf2 Qb8 17. Kh1 Bf6 18. Bxb6 Bxe4 19. Ba7 Qb7 20. Nxe4 d5 21. Nd6 1-0

[Event "33rd Leon Blitz Open 2020"]
[Site "chess.com INT"]
[Date "2020.07.14"]
[Round "8"]
[White "Tarini, Goyal"]
[Black "Piesik, Piotr"]
[Result "1-0"]
[WhiteTitle "WFM"]
[BlackTitle "IM"]
[WhiteElo "2164"]
[BlackElo "2418"]
[WhiteFideId "5082749"]
[BlackFideId "1136194"]
[EventDate "2020.07.14"]
[EventType "blitz"]

1. d4 c5 2. c4 cxd4 3. Nf3 e5 4. g3 Nc6 5. Bg2 Nf6 6. O-O d5 7. cxd5 Nxd5 8.
Nxe5 Bc5 9. Nxc6 bxc6 10. Qc2 Qd6 11. a3 O-O 12. b4 Bb6 13. Bb2 Be6 14. Nd2 Rac8
15. Nc4 Qd8 16. Nxb6 Qxb6 17. Rac1 a5 18. bxa5 Qxa5 19. Bxd4 Qxa3 20. Bc5 Qa6
21. Bxf8 Kxf8 22. Rfd1 g6 23. Bxd5 Bxd5 24. Rxd5 1-0

[Event "33rd Leon Blitz Open 2020"]
[Site "chess.com INT"]
[Date "2020.07.14"]
[Round "8"]
[White "Li, Hui"]
[Black "Berkovich, Mark A"]
[Result "0-1"]
[WhiteTitle "CM"]
[BlackTitle "IM"]
[WhiteElo "1985"]
[BlackElo "2326"]
[WhiteFideId "15400310"]
[BlackFideId "2801639"]
[EventDate "2020.07.14"]
[EventType "blitz"]

1. e4 e5 2. Nf3 d6 3. d4 exd4 4. Nxd4 Nf6 5. Nc3 Be7 6. Be2 O-O 7. O-O Re8 8. f4
Bf8 9. Bf3 c5 10. Nf5 Nc6 11. Ne3 Nd4 12. Ned5 Nxd5 13. Nxd5 Be6 14. c3 Nxf3+
15. Qxf3 Bxd5 16. exd5 Be7 17. Bd2 Qb6 18. b3 Bf6 19. Rae1 c4+ 20. Be3 Qa6 21.
Qe2 Bxc3 22. Rd1 cxb3 23. Qxa6 bxa6 24. Rd3 Rxe3 25. Rxe3 Bd4 0-1

[Event "33rd Leon Blitz Open 2020"]
[Site "chess.com INT"]
[Date "2020.07.14"]
[Round "8"]
[White "Postny, Evgeny"]
[Black "Sadovsky, Artem"]
[Result "0-1"]
[WhiteTitle "GM"]
[BlackTitle "IM"]
[WhiteElo "2600"]
[BlackElo "2421"]
[WhiteFideId "2804344"]
[BlackFideId "4155840"]
[EventDate "2020.07.14"]
[EventType "blitz"]

1. e4 g6 2. d4 Bg7 3. c4 d6 4. Nc3 e5 5. dxe5 dxe5 6. Qxd8+ Kxd8 7. Bd2 Be6 8.
O-O-O Nd7 9. Nf3 f6 10. h4 Bh6 11. Kc2 Bxd2 12. Nxd2 Nh6 13. Be2 c6 14. b4 a5
15. a3 Ke7 16. h5 g5 17. c5 axb4 18. axb4 b6 19. Bc4 bxc5 20. Bxe6 Kxe6 21. Nc4
cxb4 22. Rd6+ Ke7 23. Rhd1 Rhd8 24. Nb1 Nc5 25. Kb2 Nxe4 26. Rxd8 Rxd8 27. Re1
Nxf2 0-1

[Event "33rd Leon Blitz Open 2020"]
[Site "chess.com INT"]
[Date "2020.07.14"]
[Round "8"]
[White "Arencibia Monduy, Antonio"]
[Black "Pandey, Srishti"]
[Result "1-0"]
[WhiteTitle "CM"]
[BlackTitle "WFM"]
[WhiteElo "2148"]
[BlackElo "2026"]
[WhiteFideId "3507939"]
[BlackFideId "35093290"]
[EventDate "2020.07.14"]
[EventType "blitz"]

1. e4 e6 2. d4 d5 3. Nd2 Be7 4. Ngf3 Nf6 5. e5 Nfd7 6. Bd3 c5 7. c3 Nc6 8. O-O
g5 9. dxc5 Nxc5 10. Bb5 Bd7 11. Re1 Nxe5 12. Nxe5 Bxb5 13. Qh5 O-O 14. Re3 f6
15. Rh3 Bd3 16. Nxd3 Rf7 17. Nxc5 Bxc5 18. Nb3 Bb6 19. Be3 Rc8 20. Bxb6 Qxb6 21.
Re1 e5 22. Qg4 Rc4 23. Qd1 Rd7 24. Rd3 Qe6 25. f3 a5 26. Kh1 a4 27. Nd2 Rh4 28.
g3 Rh6 29. Qxa4 Qh3 30. Nf1 Qf5 31. Red1 Qe6 32. Qb3 e4 33. Rxd5 Rf7 34. Rd8+ 1-0

[Event "33rd Leon Blitz Open 2020"]
[Site "chess.com INT"]
[Date "2020.07.14"]
[Round "8"]
[White "Gurevich, Dmitry"]
[Black "Perez Molina, Robinson"]
[Result "1-0"]
[WhiteTitle "GM"]
[BlackTitle "FM"]
[WhiteElo "2399"]
[BlackElo "2240"]
[WhiteFideId "2000407"]
[BlackFideId "3403882"]
[EventDate "2020.07.14"]
[EventType "blitz"]

1. d4 d5 2. c4 c6 3. cxd5 cxd5 4. Bg5 Nc6 5. Nc3 Nf6 6. Bxf6 gxf6 7. e3 f5 8. g3
e6 9. Bg2 b6 10. Nge2 Bd6 11. O-O O-O 12. Rc1 Bd7 13. a3 Rc8 14. b4 Kh8 15. Qd3
a5 16. Nb5 Be7 17. bxa5 Nxa5 18. a4 Nc4 19. Nf4 Ra8 20. Ra1 Bxb5 21. axb5 Qd7
22. Ra6 Qxb5 23. Rxa8 Rxa8 24. Nxd5 exd5 25. Qxf5 Rd8 26. Be4 1-0

[Event "33rd Leon Blitz Open 2020"]
[Site "chess.com INT"]
[Date "2020.07.14"]
[Round "8"]
[White "Ajay, Karthikeyan"]
[Black "Vlassov, Nikolai"]
[Result "1/2-1/2"]
[WhiteTitle "FM"]
[BlackTitle "IM"]
[WhiteElo "2315"]
[BlackElo "2352"]
[WhiteFideId "35011685"]
[BlackFideId "4103360"]
[EventDate "2020.07.14"]
[EventType "blitz"]

1. b3 e5 2. Bb2 Nc6 3. e3 d5 4. Bb5 Bd6 5. f4 Qe7 6. Nf3 Bg4 7. fxe5 Bxe5 8.
Bxe5 Bxf3 9. Qxf3 Qxe5 10. Nc3 Nf6 11. O-O O-O 12. Bxc6 bxc6 13. Qf4 Rae8 14.
Qxe5 Rxe5 15. Rf4 Ne4 16. Nxe4 dxe4 17. Rd1 f5 18. g4 g6 19. gxf5 gxf5 20. Kf2
Kf7 21. d4 exd3 22. cxd3 Rfe8 23. e4 Kg6 24. Rxf5 Rxf5+ 25. exf5+ Kxf5 26. Rc1
Re6 27. Kf3 Rf6 28. Rc5+ Ke6+ 29. Ke3 Kd6 30. Ra5 Rh6 31. Rxa7 Rxh2 32. Kd4 Rc2
33. Ra8 c5+ 34. Ke3 h5 35. Ra6+ Kd5 36. Rh6 Rxa2 37. Rxh5+ Kc6 38. d4 cxd4+ 39.
Kxd4 1/2-1/2

[Event "33rd Leon Blitz Open 2020"]
[Site "chess.com INT"]
[Date "2020.07.14"]
[Round "8"]
[White "Sarkar, Justin"]
[Black "Nguyen, Hong Anh"]
[Result "0-1"]
[WhiteTitle "IM"]
[BlackTitle "WIM"]
[WhiteElo "2380"]
[BlackElo "1970"]
[WhiteFideId "2010011"]
[BlackFideId "12406732"]
[EventDate "2020.07.14"]
[EventType "blitz"]

1. d4 Nf6 2. c4 g6 3. Nc3 d5 4. e3 Bg7 5. Bd2 O-O 6. Rc1 c6 7. Nf3 Nbd7 8. cxd5
Nxd5 9. Nxd5 cxd5 10. Bd3 e5 11. dxe5 Nxe5 12. Nxe5 Bxe5 13. Bc3 d4 14. exd4
Bxd4 15. O-O Be6 16. Bxg6 Bxf2+ 17. Rxf2 Qxd1+ 18. Rxd1 hxg6 19. b3 Rac8 20. Bf6
Rc5 21. h3 Re8 22. Rd4 g5 23. h4 g4 24. Re4 Kh7 25. Rd2 Kg6 26. Re5 Rc1+ 27. Kh2
Kxf6 0-1